| 000 | 00742cab a2200253 4500 | ||
|---|---|---|---|
| 001 | WB3243-26 | ||
| 008 | 090401t1996 xxu||||| |||| 00| 0 eng d | ||
| 035 | _a(Sirsi) u50260 | ||
| 041 | _aeng | ||
| 245 | _aWarning about PFI bank loans | ||
| 260 | _c1996 | ||
| 350 | _a0 | ||
| 490 |
_aFinancial Times _v13 November 1996, 11(1) |
||
| 520 | _aGovernment is unwilling to provide extra guarantees for banks considering loans to hospital trusts for private finance initiative projects. | ||
| 650 | _aBANK LENDING | ||
| 650 | _aFUNDING | ||
| 650 | _aHEALTH SECTOR | ||
| 650 | _aNHS TRUSTS | ||
| 650 | _aPFI | ||
| 650 | _aPROJECT FINANCE | ||
| 690 | _aPROPERTY-PROPERTY FINANCE AND INVESTMENT | ||
| 942 | _n0 | ||
| 948 | _c04/03/1997 | ||
| 999 |
_c31370 _d31370 |
||